Bollywood Best Actresses Quiz - Statistics

General Stats
  • This quiz has been taken 419 times
    210 since last reset
  • The average score is 34 of 69
Answer Stats
Year Movie Actress % Correct
2023 Gangubai Kathiawadi Alia Bhatt
96%
2020 Gully Boy Alia Bhatt
96%
2019 Raazi Alia Bhatt
96%
2017 Udta Punjab Alia Bhatt
96%
2011 My Name is Khan Kajol
95%
2007 Fanaa Kajol
95%
2002 Kabhi Khushi Kabhie Gham Kajol
95%
1999 Kuch Kuch Hota Hai Kajol
95%
1996 Dilwale Dulhania Le Jayenge Kajol
95%
2008 Jab We Met Kareena Kapoor
95%
2016 Piku Deepika Padukone
94%
2014 Goliyon Ki Raasleela Ram-Leela Deepika Padukone
94%
2003 Devdas Aishwarya Rai
87%
2000 Hum Dil De Chuke Sanam Aishwarya Rai
87%
1998 Dil To Pagal Hai Madhuri Dixit
82%
1995 Hum Aapke Hain Koun Madhuri Dixit
82%
1993 Beta Madhuri Dixit
82%
1991 Dil Madhuri Dixit
82%
2004 Kal Ho Naa Ho Preity Zinta
81%
2022 Mimi Kriti Sanon
79%
2018 Tumhari Sulu Vidya Balan
78%
2013 Kahaani Vidya Balan
78%
2012 The Dirty Picture Vidya Balan
78%
2010 Paa Vidya Balan
78%
2015 Queen Kangana Ranaut
72%
2009 Fashion Priyanka Chopra
72%
2001 Fiza Karisma Kapoor
62%
1997 Raja Hindustani Karisma Kapoor
62%
2021 Thappad Taapsee Pannu
60%
1992 Lamhe Sridevi
55%
1990 ChaalBaaz Sridevi
55%
2006 Black Rani Mukerji
54%
2005 Hum Tum Rani Mukerji
54%
1989 Khoon Bhari Maang Rekha
53%
1981 Khubsoorat Rekha
53%
1994 Hum Hain Rahi Pyar Ke Juhi Chawla
49%
1973 Seeta Aur Geeta Hema Malini
36%
1980 Nauker Jaya Bachchan
32%
1975 Kora Kagaz Jaya Bachchan
32%
1974 Abhimaan Jaya Bachchan
32%
1986 Saagar Dimple Kapadia
29%
1974 Bobby Dimple Kapadia
29%
1958 Mother India Nargis
26%
1970 Aradhana Sharmila Tagore
23%
1985 Bhavna Shabana Azmi
22%
1984 Arth Shabana Azmi
22%
1978 Swami Shabana Azmi
22%
1979 Main Tulsi Tere Aangan Ki Nutan
18%
1968 Milan Nutan
18%
1964 Bandini Nutan
18%
1960 Sujata Nutan
18%
1957 Seema Nutan
18%
1961 Ghunghat Bina Rai
17%
1971 Khilona Mumtaz
17%
1972 Kati Patang Asha Parekh
14%
1983 Prem Rog Padmini Kolhapure
14%
1965 Sangam Vyjayanthimala
14%
1962 Gunga Jamuna Vyjayanthimala
14%
1959 Sadhna Vyjayanthimala
14%
1966 Kaajal Meena Kumari
13%
1963 Sahib Bibi Aur Ghulam Meena Kumari
13%
1955 Parineeta Meena Kumari
13%
1954 Baiju Bawra Meena Kumari
13%
1982 Chakra Smita Patil
13%
1969 Neel Kamal Waheeda Rahman
13%
1967 Guide Waheeda Rahman
13%
1977 Tapasya Raakhe
8%
1976 Julie Lakshmi
6%
1956 Biraj Bahu Kamini Kaushal
3%
No matching quizzes found
Score Distribution
Percent of People with Each Score
Percentile by Number Answered
Your Score History
You have not taken this quiz since the last reset